000 00690nam a2200181Ia 4500
008 100921s9999 xx 000 0 und d
082 _b17988
_a808.068 थ 78
100 _aगाताडे प्रभाकर.
245 _aचिट्टी-चिट्टी बँग बँग.
260 _bअनमोल प्रकाशन,पुणे.
_c1978
300 _a88
_b---
365 _b4
520 _aललित-बालवाङ्रमय.
630 _aचिट्टी-चिट्टी बँग बँग.
650 _aललित-बालवाङ्रमय.
730 _aचिट्टी-चिट्टी बँग बँग.
942 _cBOOK
999 _c767101
_d767098